000 00499nam a2200181Ia 4500
005 20250508163816.0
008 008 250505s9999 xx 000 0 hin d
037 _aReference
040 _aFEDL
_beng
_cFEDL
041 _ahin
_2eng
084 _a500, BAR
_qFEDL
100 _aBarnal J D
245 0 _aVigyan ki samajik bhumika
260 _aDelhi, India
_bGranth Shilpi (India) Private Limited
_c2000
300 _axii,606p.
942 _cREF
_h500, BAR
999 _c1385374
_d1385374